Biblioteka Instytutu Północnego w Olsztynie

Widok standardowy Widok MARC

Pozycja Personal Name

Liczba rekordów, w których użyto hasła: 1

001 - Numer kontrolny

  • control field: 40171

003 - Identyfikator numeru kontrolnego

  • control field: NUKAT

005 - Data i czas ostatniej modyfikacji

  • control field: 20260416131229.0

008 - Dane kontrolne kodowane (40 znaków)

  • fixed length control field: 050120n||azznnbabn |a aaa |

010 ## - Numer kontrolny Biblioteki Kongresu

  • numer kontrolny LC: p 2004317101

024 7# - OTHER STANDARD IDENTIFIER

  • Standard number or code: 38190770
  • Source of number or code: viaf

035 ## - Numer systemowy

  • numer systemowy: a1179298x

035 ## - Numer systemowy

  • numer systemowy: (PL)a0000001179298

040 ## - Instytucja sporządzająca rekord

  • inst. przygot. dane do rek. khw: WA N
  • język haseł przedmiotowych/tezaurus: DBN
  • inst. wprow. rek. khw: WA N

043 ## - Kod obszaru geograficznego

  • ISO code: AT
  • ISO code: DE

046 ## - Special dates

  • Birth date: 18890420
  • Death date: 19450430

100 1# - Hasło - nazwa osobowa

  • nazwa osobowa w formie ujednoliconej: Hitler, Adolf
  • daty biograficzne: (1889-1945)

368 ## - Other Attributes

  • Other designation: Premier (urząd)
  • Start period: 1933
  • End period: 1945

370 ## - Associated place

  • Place of birth: Braunau am Inn (Austria)

370 ## - Associated place

  • Country: Austria

370 ## - Associated place

  • Country: Niemcy

372 ## - Field of activity

  • Field: Polityka

373 ## - Associated Group

  • Associated group: Narodowosocjalistyczna Niemiecka Partia Robotników (NSDAP)

374 ## - Occupation

  • Occupation: Politycy

375 ## - Gender

  • Gender: 1
  • Source of term: iso5218

377 ## - Assoc lang

  • Lang code: ger

400 0# - Trop zob. - nazwa osobowa

  • nazwa osobowa (nazwisko, imiona): Hitler

550 ## - Trop zob. też - nazwa pospolita

  • nazwa posp. lub nazwa geogr. na pocz.: Führerbunker (Berlin)

550 ## - Trop zob. też - nazwa pospolita

  • nazwa posp. lub nazwa geogr. na pocz.: Nazizm

550 ## - Trop zob. też - nazwa pospolita

  • nazwa posp. lub nazwa geogr. na pocz.: Trzecia Rzesza (1933-1945)

550 ## - Trop zob. też - nazwa pospolita

  • nazwa posp. lub nazwa geogr. na pocz.: Zamach na Adolfa Hitlera (1939)

550 ## - Trop zob. też - nazwa pospolita

  • nazwa posp. lub nazwa geogr. na pocz.: Zamach na Adolfa Hitlera (1944)

550 ## - Trop zob. też - nazwa pospolita

  • nazwa posp. lub nazwa geogr. na pocz.: Wilczy Szaniec (Gierłoż ; kwatera Hitlera)

670 ## - Źródło informacji

  • źródło informacji: EPop.'91

670 ## - Źródło informacji

  • źródło informacji: Reden, Schriften, Anordnungen. Bd. 1 / Hitler. - München, 1992.

670 ## - Źródło informacji

  • źródło informacji: Wikipedia.
  • adres internetowy: https://pl.wikipedia.org/wiki/Adolf_Hitler
Biblioteka Instytutu Północnego, ul. Partyzantów 87, 10-402 Olsztyn, email: biblioteka(at)ip.olsztyn.pl